Préfectures de France : Bastia - Statistiques

Statistiques générales
  • Ce quiz a été pris 29 fois
  • Le résultat moyen est 11 sur 25
Statistiques - réponses
Question Réponse % Correct
Quel numéro porte celui-ci ? 2B
100%
De quel département est-ce la préfecture ? Haute-Corse
100%
Comment se nomment ses habitants ? Bastiais | Bastiaises
92%
La ville appartient à l'académie de Corse
80%
A quelle région administrative appartient la ville depuis 2015 ? Corse
80%
La ville appartient au diocèse de/d' Ajaccio
72%
Quelles sont les sous-préfectures qui en dépendent ? Calvi
68%
Quelles sont les sous-préfectures qui en dépendent ? Corte
68%
La couleur de fond de son blason est le/l' bleu
64%
Les communes limitrophes sont Furiani
60%
La ville est à 50 km de l'île d'/de {Elbe}
52%
L'aéroport de la ville se nomme Poretta
52%
La ville est baignée par la mer Tyrrhénienne
36%
Les communes limitrophes sont Ville-di-Pietrabugno
32%
Spécialités culinaires Sardines au {brocciu}
28%
La couleur de fond de son blason est le/l' vert
28%
Spécialités culinaires Baccalà ou {Morue}
24%
La principale gare a été mise en service en 1888
20%
Les communes limitrophes sont Barbaggio
20%
De 1796 à 1811, elle est préfecture du département du Golo
20%
Les communes limitrophes sont Patrimonio
20%
Son port est le deuxième français derrière Calais
12%
La pro-cathédrale est dédiée à Notre-Dame | Vierge
8%
Spécialités culinaires Beignets - {Panzarotti}
4%
Ville européenne jumelée avec la ville (4 possible) Erding | Viareggio
4%
Aucun quiz correspondant
Distribution des résultats
% des personnes avec chaque résultat
Percentile par nombre de réponses
Votre historique - résultats
Vous n’avez pas pris ce quiz